Sledovanie vplyvu bortezomibu  na leukemické bunky L1210

Guardado en:
Detalles Bibliográficos
Autor principal: Sopúchová, Michaela (Autor)
Otros Autores: Šereš, Mário (Orientador)
Formato: Manuscrito Libro
Lenguaje:eslovaco
Publicado: 2018
Materias:
Acceso en línea:http://is.stuba.sk/zp/portal_zp.pl?podrobnosti=136474
Etiquetas: Agregar Etiqueta
Sin Etiquetas, Sea el primero en etiquetar este registro!

MARC

LEADER 00000ntm a22000003a 4500
001 stuzp69852
003 SK-STU
005 20180602211359.6
007 ta
008 150427s2015----xo-----f-mn---000-0-slo-d
040 |a STU  |b slo 
041 0 |a slo 
100 1 |a Sopúchová, Michaela  |u 043000  |4 aut  |U FCHPT Fakulta chemickej a potravinárskej technológie  |T FCHPT Ústav biochémie a mikrobiológie  |X 63779  |U C3000  |Y 101  |7 63779 
242 0 1 |a Study of the bortezomib effect on leukemia cell line L1210  |y eng 
245 1 0 |a Sledovanie vplyvu bortezomibu  na leukemické bunky L1210 
260 |c 2018 
650 4 |a P-glykoproteín  |2 slo 
650 4 |a bortezomib  |2 slo 
650 4 |a viaclieková rezistencia  |2 slo 
650 4 |a stres endoplazmatického retikula  |2 slo 
650 4 |a ubiquitinácia  |2 slo 
650 4 |a proteazómová degradácia  |2 slo 
650 4 |a DNA metylácia  |2 slo 
650 4 |a multidrug resistance  |2 eng 
650 4 |a P-glycoprotein  |2 eng 
650 4 |a bortezomib  |2 eng 
650 4 |a endoplasmic reticulum stress  |2 eng 
650 4 |a ubiquitination  |2 eng 
650 4 |a proteosomal degradation  |2 eng 
650 4 |a DNA methylation  |2 eng 
700 1 |a Šereš, Mário  |4 ths  |X 60528  |7 60528 
856 4 |u http://is.stuba.sk/zp/portal_zp.pl?podrobnosti=136474